| 000 -LEADER |
| fixed length control field |
00801nam a22002057a 4500 |
| 001 - CONTROL NUMBER |
| control field |
15420 |
| 003 - CONTROL NUMBER IDENTIFIER |
| control field |
BD-DhUAP |
| 005 - DATE AND TIME OF LATEST TRANSACTION |
| control field |
20200318155146.0 |
| 008 - FIXED-LENGTH DATA ELEMENTS--GENERAL INFORMATION |
| fixed length control field |
200318s2003 bg ||||| |||| 00| 0 eng d |
| 020 ## - INTERNATIONAL STANDARD BOOK NUMBER |
| International Standard Book Number |
9848490094 |
| 040 ## - CATALOGING SOURCE |
| Original cataloging agency |
BD-DhUAP |
| Language of cataloging |
Eng |
| Transcribing agency |
BD-DhUAP |
| Modifying agency |
BD-DhUAP |
| 082 ## - DEWEY DECIMAL CLASSIFICATION NUMBER |
| Edition number |
23 |
| Classification number |
820.9 HOS |
| 100 ## - MAIN ENTRY--PERSONAL NAME |
| Personal name |
হোসায়েন, সৈয়দ সাজ্জাদ। |
| 245 ## - TITLE STATEMENT |
| Title |
ইংরেজি সাহিত্যের ইতিহাস / |
| Statement of responsibility, etc. |
সৈয়দ সাজ্জাদ হোসায়েন। |
| 250 ## - EDITION STATEMENT |
| Edition statement |
৩য় সং.। |
| 260 ## - PUBLICATION, DISTRIBUTION, ETC. |
| Place of publication, distribution, etc. |
ঢাকা : |
| Name of publisher, distributor, etc. |
ফ্রেন্ডস বুক কর্ণার, |
| Date of publication, distribution, etc. |
২০০৩। |
| 300 ## - PHYSICAL DESCRIPTION |
| Extent |
৩৯৪ পৃষ্ঠা ; |
| Dimensions |
২২ সেমি.। |
| 650 ## - SUBJECT ADDED ENTRY--TOPICAL TERM |
| Topical term or geographic name entry element |
English literature |
| Form subdivision |
History. |
| 942 ## - ADDED ENTRY ELEMENTS (KOHA) |
| Source of classification or shelving scheme |
|
| Koha item type |
Book |